History of strenght of materials: with a brief account of the history of theory of elasticity and theory of structures

Saved in:
Bibliografiske detaljer
Hovedforfatter: Timoshenko, Stephen P (Author)
Format: Bog
Sprog:engelsk
Udgivet: Nueva York Dover Publications, Inc 1983
Udgivelse:1a. ed
Fag:
Tags: Tilføj Tag
Ingen Tags, Vær først til at tagge denne postø!

MARC

LEADER 00000cam a2200000 a 4500
001 UCC2101
003 CL-VaPUC
008 171230e19830000us |||||||||||||||||eng|d
020 |a 9780486611877 
082 0 4 |a 620.112  |b TIM  |2 21 
100 0 |a Timoshenko, Stephen P  |e author  |9 596266 
245 1 0 |a History of strenght of materials: with a brief account of the history of theory of elasticity and theory of structures 
250 |a 1a. ed 
300 |a 452 p 
942 |c BK 
945 |d 20171230 00:11:00  |a dcastane 
260 |a Nueva York  |b Dover Publications, Inc  |c 1983 
650 0 |a Materiales  |9 260800 
650 7 |a ELASTICIDAD  |2 CL-VaPUC  |9 266503 
650 0 |a Estructuras  |9 271908 
583 |a last modification  |c 20180111 01:27:13  |k Rodrigo Vera 
999 |c 370390  |d 370388 
952 |0 0  |1 0  |3 erb  |4 0  |6 620_112000000000000_TIM_1983  |7 0  |8 A  |9 486808  |a BIBING  |b BIBING  |i 544554K  |l 2  |m 1  |o 620.112 TIM 1983  |p 544554K  |r 2025-01-20  |s 2023-09-26  |w 2019-11-24  |y BK  |z Catalogado en:20171230  |k CIC